000 00444nam a2200181Ia 4500
001 14395
005 20260306164911.0
008 260306t1995||||xx |||||||||||||| ||spa||
041 _aESP
082 _a512.5
_bS71
100 _aSoto Prieto, Manuel Jesús
_eAUT
245 0 _aÁlgebra lineal con Matlab y Maple
260 _c1995
300 _aviii, 301 páginas :
_c23 cm.
650 _aGEN
654 _aCMA
942 _cLIB
_dJUS
_fJUS
_2ddc
_n
999 _c14395
_d14395